Microeconomics (Record no. 23949)

MARC details
000 -LEADER
fixed length control field 00287nam a2200121Ia 4500
082 ## - DEWEY DECIMAL CLASSIFICATION NUMBER
Classification number 330.101.542
Item number SHO
100 ## - MAIN ENTRY--AUTHOR NAME
Personal name SHONE, R
245 #0 - TITLE STATEMENT
Title Microeconomics
260 ## - PUBLICATION, DISTRIBUTION, ETC. (IMPRINT)
Place of publication London
Name of publisher Macmillan
Year of publication 1975
650 ## - SUBJECT ADDED ENTRY--TOPICAL TERM
Topical Term Microeconomics
942 ## - ADDED ENTRY ELEMENTS (KOHA)
Koha item type Books
Holdings
Withdrawn status Lost status Damaged status Not for loan Home library Current library Date acquired Full call number Accession Number Koha item type
        RRII Library RRII Library 16/12/2021 330.101.542 SHO 04639 Books